00951nam a22001695i 4500001000700000003000900007005001700016008004100033040003000074100003900104245010700143260007400250300002100324490009500345830009400440852024700534160532ES-MaACL20250824063728.0990726s1846 sp |||| | spa d aCCPB | B bspa cCCPB | B1 aNavarrete, Ramón de, d1818-189710aYerros de la juventud b: comedia en un acto / carreglada al teatro español por Ramon de Navarrete. aMadrid : b[Manuel Delgado], c1846 (fImprenta de José Repullés) a33 p. ; c19 cm.1 aGalería dramática. Coleccion de las mejores obras del Teatro Moderno Estrangero ; v3100aGalería dramática: colección de las mejores obras del teatro moderno estrangerov31 aES-MaACLjF-8621(5) z-- Enc. pasta española q-- Falto de la cub. originalz-- Enc. en un vol. facticio formando parte de la col. facticia "Teatro español moderno", vol. 76 z.- Dedicatoria manuscrita del traductor "A su querida mamá"